Vista normal
Vista MARC
Entrada Personal Name
Número de registros utilizados en: 1
001 - CONTROL NUMBER
- control field: 6351
003 - CONTROL NUMBER IDENTIFIER
- control field: OSt
005 - DATE AND TIME OF LATEST TRANSACTION
- control field: 20200630154438.0
008 - FIXED-LENGTH DATA ELEMENTS
- fixed length control field: 200630|| aca||aabn | a|a d
040 ## - CATALOGING SOURCE
- Original cataloging agency: OSt
- Transcribing agency: OSt
100 ## - HEADING--PERSONAL NAME
- Personal name: Corona Ramon, Juan Francisco,
- Dates associated with a name: traductor
670 ## - SOURCE DATA FOUND
- Source citation: Work cat.: (OSt)4250: Musgrave, Richard Abel, autor 6347, Hacienda pública : , ©1992